000 00583nam a2200205Ia 4500
003 OSt
005 20250919093330.0
008 210210b2008 xxu||||| |||| 00| 0 eng d
020 _a9780313349737
040 _cAL
082 _a306.88 HELW
100 _aJoseph Helmreich
_9239527
245 _aWarring parents wounded children and the wretched world of child custody
_b: cautionary tales
260 _aWestport
_bPraeger Publishers
_c2008
300 _axi,131p
690 _aMarriage and Family
_9239541
700 _aPaul Marcus
_9239542
906 _a068734
942 _2ddc
_cBK
999 _c152939
_d152939